Multi approach guideline for resilient office buildings towards reducing disaster risks (MAGROB)

Bibliographic Details
Main Authors: Siti Uzairiah Mohd Tobi (Author), Che Siti Noor Binti Koh Poh Lee@Che Mamat (Author), Khamarrul Azahari Bin Razak (Author), Rashdan Bin Rahmat (Author), Rozaimi Bin Che Hassan (Author)
Format: Book
Language:English

MARC

LEADER 00000cam a2200000 7i4500
001 0000030302
005 20241202.0
008 230807 my a eng
040 |a INS   |b eng   |c INS   |e rda 
090 0 0 |a Research 399   |b 2022 
100 0 |a Siti Uzairiah Mohd Tobi ,   |e author 
245 1 0 |a Multi approach guideline for resilient office buildings towards reducing disaster risks (MAGROB)   |c Siti Uzairiah Mohd Tobi, Khamarrul Azahari Bin Razak, Rozaimi Bin Che Hassan, Che Siti Noor Binti Koh Poh Lee@Che Mamat, Rashdan Bin Rahmat 
264 0 |c 2022 
300 |a xix, 220 pages :   |b illustrations ;   |c 30 cm. 
336 |a text  |2 rdacontent 
337 |a unmediated  |2 rdamedia 
338 |a volume  |2 rdacarrier 
700 0 |a Che Siti Noor Binti Koh Poh Lee@Che Mamat ,   |e author 
700 0 |a Khamarrul Azahari Bin Razak ,   |e author 
700 0 |a Rashdan Bin Rahmat ,   |e author 
700 0 |a Rozaimi Bin Che Hassan ,   |e author 
999 |a RES0000684   |b BOOK   |c Research By JPPH Staff   |e Default branch 
999 |a RES0000685   |b BOOK   |c Research By JPPH Staff   |e Default branch